LEADER 02065oam 2200553 450 001 9910707011203321 005 20160405124956.0 035 $a(CKB)5470000002461380 035 $a(OCoLC)755283838 035 $a(EXLCZ)995470000002461380 100 $a20111002j199701 ua 0 101 0 $aeng 135 $aurbn||||a|a|| 181 $ctxt$2rdacontent 182 $cc$2rdamedia 183 $acr$2rdacarrier 200 14$aThe F/A-18 high-angle-of-attack ground-to-flight correlation, lessons learned /$fDaniel W. Banks [and six others] 210 1$a[Washington, D.C.] :$cNational Aeronautics and Space Administration, Office of Management, Scientific and Technical Information Program,$dJanuary 1997. 215 $a1 online resource (39 pages) $cillustrations 225 1 $aNASA technical memorandum ;$v4783 300 $aTitle from title screen (viewed April 5, 2016). 300 $a"January 1997." 300 $a"Performing organization: NASA Dryden Flight Research Center, Edwards, California"--Report documentation page. 320 $aIncludes bibliographical references (pages 37-39). 517 3 $aFA 18 high angle of attack ground to flight correlation, lessons learned 606 $aAngle of attack$2nasat 606 $aAircraft performance$2nasat 606 $aFlow distribution$2nasat 606 $aForebodies$2nasat 606 $aVortices$2nasat 615 7$aAngle of attack. 615 7$aAircraft performance. 615 7$aFlow distribution. 615 7$aForebodies. 615 7$aVortices. 700 $aBanks$b Daniel W.$01408914 712 02$aNASA Dryden Flight Research Center. 712 02$aUnited States.$bNational Aeronautics and Space Administration.$bScientific and Technical Information Program, 712 02$aUnited States.$bNational Aeronautics and Space Administration, 801 0$bOCLCE 801 1$bOCLCE 801 2$bOCLCQ 801 2$bOCLCF 801 2$bOCLCO 801 2$bGPO 906 $aBOOK 912 $a9910707011203321 996 $aThe F$93494051 997 $aUNINA LEADER 01296nam 2200457 450 001 9910812182203321 005 20200520144314.0 010 $a1-5018-4923-9 035 $a(CKB)4340000000188494 035 $a(Au-PeEL)EBL4799996 035 $a(CaPaEBR)ebr11442645 035 $a(OCoLC)995162468 035 $a(MiAaPQ)EBC4799996 035 $a(EXLCZ)994340000000188494 100 $a20171009h20172017 uy 0 101 0 $aeng 135 $aurcnu|||||||| 181 $2rdacontent 182 $2rdamedia 183 $2rdacarrier 200 10$aStride $ecreating a discipleship pathway for your church /$fMike Schreiner, Ken Willard 210 1$aNashville, Tennessee :$cAbingdon Press,$d2017. 210 4$dİ2017 215 $a1 online resource (96 pages) $cillustrations 320 $aIncludes bibliographical references. 606 $aChurch growth 606 $aChurch development, New 606 $aChristian life 615 0$aChurch growth. 615 0$aChurch development, New. 615 0$aChristian life. 676 $a254.5 700 $aSchreiner$b Mike$01633829 702 $aWillard$b Ken 801 0$bMiAaPQ 801 1$bMiAaPQ 801 2$bMiAaPQ 906 $aBOOK 912 $a9910812182203321 996 $aStride$93973782 997 $aUNINA